000 00377 a2200157 4500
999 _c313910
_d313910
001 78837
003 NUST
005 20180119183122.0
008 180119b xxu||||| |||| 00| 0 eng d
082 _a954.91 IFT
100 _aSyed Iftikhar Ahmed
_99111
245 _aEssays On Pakistan
_hEnglish
250 _a1
260 _aLahore
_bAlpha Bravo Publishers
_c1983
300 _avii 147
500 _aGeneral Books
505 _aGifted Books
942 _aCAE NUST
_cBK
_k954.91 IFT
_2ddc